| 000 | 00000nam 2200000za 4500 |
| 001 | 9.856024 |
| 003 | CaOODSP |
| 005 | 20221107155436 |
| 007 | cr ||||||||||| |
| 008 | 180501s2018 qucabk ob f000 0 eng d |
| 020 | |a9780660264462 |
| 040 | |aCaOODSP|beng |
| 043 | |an-cn-bc |
| 086 | 1 |aTU3-6/16-0195E-PDF |
| 110 | 2 |aTransportation Safety Board of Canada. |
| 245 | 10|aEmployee injury, BCR Properties Ltd., Roberts Bank Yard, mile 16.8, Port subdivision, Delta, British Columbia, 18 December 2016 |h[electronic resource]. |
| 260 | |aGatineau, QC : |bTransportation Safety Board of Canada, |cc2018. |
| 300 | |aiv, 45 p. : |bforms, col. ill., col. map. |
| 490 | 1 |aRailway investigation report ; |vR16V0195 |
| 500 | |aIssued also in French under title: Employé blessé, BCR Properties Ltd., triage Roberts Bank, point milliaire 16,8, subdivision de Port, Delta (Colombie-Britannique), 18 décembre 2016. |
| 504 | |aIncludes bibliographical references. |
| 520 | |a"On 18 December 2016, at about 1200 Pacific Standard Time, a Toronto Terminals Railway switching crew was shoving 66 empty intermodal platforms onto the east leg track at Roberts Bank Yard in Delta, British Columbia. At the same time, 2 PNR RailWorks track workers were clearing snow from a switch on the same track. One of the track workers was struck by the leading platform of the movement and was transported to hospital with serious injuries"--Summary, t.p. |
| 692 | 07|2gccst|aRailway accidents |
| 692 | 07|2gccst|aRailway safety |
| 692 | 07|2gccst|aInvestigations |
| 775 | 08|tEmployé blessé, BCR Properties Ltd., triage Roberts Bank, point milliaire 16,8, subdivision de Port, Delta (Colombie-Britannique), 18 décembre 2016 |w(CaOODSP)9.856027 |
| 830 | #0|aRailway investigation report ;|vR16V0195.|w(CaOODSP)9.504849 |
| 856 | 40|qPDF|s1.40 MB|uhttps://publications.gc.ca/collections/collection_2018/bst-tsb/TU3-6-16-0195-eng.pdf |